| 000 | 00755nam a22002417a 4500 | ||
|---|---|---|---|
| 005 | 20131126152442.0 | ||
| 008 | 131126b xxu||||| |||| 00| 0 eng d | ||
| 010 | _aPUN-7719 | ||
| 020 | _c275.00 | ||
| 035 | _aPN-6837 | ||
| 037 | _bDBAD / PUB | ||
| 037 | _bArsee Publishers | ||
| 040 |
_adpl _bpn |
||
| 082 | _aਓ | ||
| 100 | _aਸਹਿਰਾਈ,ਹਰਨਾਮ ਦਾਸ | ||
| 245 |
_aਬਾਲਾ ਪ੍ਰੀਤਮ / _cਹਰਨਾਮ ਦਾਸ ਸਹਿਰਾਈ |
||
| 246 |
_aBala Pritam _bby Harnam Dass Seharai |
||
| 260 |
_aDelhi _bArsee Publishers _c2013 |
||
| 270 |
_bDelhi _aChandni Chowk _k011-65966481 |
||
| 300 | 4 |
_a180p. _c22ਸੇਂਮੀ (ਸਜਿਲੱਦ) |
|
| 942 |
_2ddc _cPN _hਓ _mਸਹਿਰਾ |
||
| 999 |
_c80864 _d80864 |
||